Daňové priznania k dani z príjmov za rok 2017 praktická príručka pre účtovníkov

Enregistré dans:
Détails bibliographiques
Auteur principal: Jarinkovičová, Valéria
Autres auteurs: Drozd, Marián, Sekerová, Ľubica
Format: Livre
Langue:slovaque
Publié: Žilina Poradca podnikateľa 2018
Sujets:
Tags: Ajouter un tag
Pas de tags, Soyez le premier à ajouter un tag!

MARC

LEADER 00000nam a2200000 4500
001 0243006
005 20240221120019.0
020 |a 978-80-8186-013-3 
041 0 |a slo 
044 |a SK 
245 1 0 |a Daňové priznania k dani z príjmov za rok 2017  |b praktická príručka pre účtovníkov  |c Valéria Jarinkovičová, Marián Drozd, Ľubica Sekerová 
264 1 |a Žilina  |b Poradca podnikateľa  |c 2018 
300 |a 320 s. 
610 2 0 |a dane z príjmov 
610 2 0 |a priznania daňové 
610 2 0 |a osoby fyzické 
610 2 0 |a osoby právnické 
610 2 0 |a subjekt 
610 2 0 |a správa verejná 
610 2 0 |a samospráva 
610 2 0 |a organizácie rozpočtové 
610 2 0 |a organizácie príspevkové 
610 2 0 |a predpisy právne 
610 2 0 |a zákony 
610 2 0 |a povinnosť daňová 
610 2 0 |a Slovensko 
610 2 0 |a 2017 
100 1 |a Jarinkovičová, Valéria 
700 1 |a Drozd, Marián 
700 1 |a Sekerová, Ľubica